000 00594nam a2200193 a 4500
001 000010366
005 20260305073958.0
008 091006s1989 dr a 000 p spa d
040 _aDO-SdBNP
_bspa
_cBNPHU
082 _aRD861.44
_bG377p
100 1 _aGerón, Candido,
_d1948-
_93577
245 1 0 _aParís ya no es lo mismo /
_cCándido Gerón.
260 _aSanto Domingo :
_bTele-3,
_c1989.
300 _a89 p. :
_bil. ;
_c21 cm.
590 _aInventariado, 2018/LP
650 0 _aPoesía dominicana
_966
650 0 _aLiteratura dominicana.
_967
910 _aValidado. Control de calidad BNPHU.
999 _c10125
_d10125